| 000 | 00672cam a2200229 4500 | ||
|---|---|---|---|
| 001 | sa 65000958 | ||
| 003 | DLC | ||
| 005 | 20260227112106.0 | ||
| 008 | 900918m19619999ii 000 1dtamo | ||
| 010 | _asa 65000958 | ||
| 040 |
_aDLC _cDLC _dDLC |
||
| 050 | 0 | 0 |
_aPL4758.8 _b.K3 |
| 245 | 0 | 0 | _aKatai araṅkam; maṇikkataikaḷ. |
| 250 | _a[Mutar̲ patippu]. | ||
| 260 |
_aMaturai, _bMīn̲āṭci Puttaka Nilaiyam, _c1961-<2004> |
||
| 300 |
_av. <1-6 > ; _c19 cm. |
||
| 500 | _aShort stories. | ||
| 500 | _aIn Tamil. | ||
| 500 | _aIncludes brief biographical sketches of the authors. | ||
| 650 | 0 | _aShort stories, Tamil. | |
| 650 | 0 |
_aTamil fiction _y20th century. |
|
| 999 |
_c61835 _d61835 |
||